02344nam a22002657a 450000500170000000800410001702000180005804000070007604100080008308200230009110000260011410000210014024500680016126000480022930000280027736500660030552015400037165000200191165000250193165000150195665000230197165000330199470000280202770000230205520240801101402.0240722b ||||| |||| 00| 0 eng d a9781647826789 cAL aeng 223a658.4063bCHRI aClayton M Christensen dMichael E Raynor aInnovators Solution:bCreating and sustaining Successful Growth aBostonbHarvard Business Review Pressc2024 axvi,296p.bHBc24x16cm. 2Managementa2488b1439.00c₹d1799.00e20%f20%g17-07-2024 aThe New York Times bestseller and seminal work on disruption-for every company seeking new growth. Clayton Christensen's bestselling book, The Innovator's Dilemma, introduced the groundbreaking idea of disruptive innovation, revealing how even well-run companies can do everything right and yet still lose market leadership. In The Innovator's Solution, Clayton Christensen and Michael Raynor expand on the idea of disruption, explaining how companies can and should become disruptors themselves. Now with a foreword by innovation expert Scott Anthony, this classic work shows just how timely and relevant these ideas continue to be in today's hyper-accelerated business environment and will help anyone trying to transform their business right now. Christensen and Raynor give advice on the business decisions crucial to achieving truly disruptive growth and propose guidelines for developing your own disruptive growth engine. The authors identify the forces that cause managers to make bad decisions as they package and shape new ideas-and offer new frameworks to help create the right conditions, at the right time, for a disruption to succeed. This is a must-read for all senior managers and business leaders responsible for innovation and growth, as well as for members of their teams. Based on in-depth research and theories tested in hundreds of companies across many industries, The Innovator's Solution is a necessary addition to any innovation library-and an essential read for entrepreneurs and business builders worldwide. aCommoditization aBusiness & Economics aImperative aSenior Executives  aStrategy Development Process aCHRISTENSEN (Clayton M) aRAYNOR (Michael E)